The American Lumberjack

Sparad:
Bibliografiska uppgifter
Huvudupphovsman: Holbrook, Stewart H.
Materialtyp: Bok
Språk:Undetermined
Publicerad: New York, Estados Unidos Collier Books 1962
Ämnen:
Taggar: Lägg till en tagg
Inga taggar, Lägg till första taggen!

MARC

LEADER 00000nam a2200000Ia 4500
008 170316s9999 xx 000 0 und d
040 |a cru BVZT 
090 |a 810 H-27a 
100 |a Holbrook, Stewart H. 
245 4 |a The American Lumberjack 
260 |a New York, Estados Unidos 
260 |b Collier Books 
260 |c 1962 
300 |a 254 páginas 
650 |a LITERATURA ESTADOUNIDENSE 
999 |c 5744  |d 5744 
942 |c 15 D  |h 810 H-27a  |2 z